presesce eimeria spp. on cross breed chicken at sa ang dristrict, kandal province វត្តមាន អ៊ីមេរៀ ភីភី លើមាន់បីសាសន៏នៅស្រុកស្អាង ខេត្តកណ្តាល (Record no. 18679)
[ view plain ]
| 000 -LEADER | |
|---|---|
| fixed length control field | 00648nam a22001577a 4500 |
| 003 - CONTROL NUMBER IDENTIFIER | |
| control field | LRUA |
| 005 - DATE AND TIME OF LATEST TRANSACTION | |
| control field | 20200108134228.0 |
| 008 - FIXED-LENGTH DATA ELEMENTS--GENERAL INFORMATION | |
| fixed length control field | 200108b xxu||||| |||| 00| 0 eng d |
| 040 ## - CATALOGING SOURCE | |
| Transcribing agency | RUA |
| 082 ## - DEWEY DECIMAL CLASSIFICATION NUMBER | |
| Classification number | AVM VAN 2017 B654 Or.1 |
| 100 ## - MAIN ENTRY--PERSONAL NAME | |
| 9 (RLIN) | 14105 |
| Personal name | VANN CHANTY វ៉ាន់ ចាន់ទី |
| 245 ## - TITLE STATEMENT | |
| Title | presesce eimeria spp. on cross breed chicken at sa ang dristrict, kandal province វត្តមាន អ៊ីមេរៀ ភីភី លើមាន់បីសាសន៏នៅស្រុកស្អាង ខេត្តកណ្តាល |
| 260 ## - PUBLICATION, DISTRIBUTION, ETC. (IMPRINT) | |
| Place of publication, distribution, etc. | RUA |
| Name of publisher, distributor, etc. | Phnom penh |
| Date of publication, distribution, etc. | 2017 |
| 300 ## - PHYSICAL DESCRIPTION | |
| Extent | v;33p |
| Other physical details | ill; |
| Dimensions | 29cm |
| 942 ## - ADDED ENTRY ELEMENTS (KOHA) | |
| Source of classification or shelving scheme | |
| Koha item type | AVM |
| Price effective from | Date last seen | Permanent Location | Not for loan | Date acquired | Source of classification or shelving scheme | Koha item type | Barcode | Lost status | Damaged status | Shelving location | Withdrawn status | Current Location | Full call number |
|---|---|---|---|---|---|---|---|---|---|---|---|---|---|
| 2020-01-08 | 2020-01-08 | Library Block B | 2020-01-08 | AVM | A063746 | B654 | Library Block B | AVM VAN 2017 B654 Or.1 | |||||
| 2020-01-08 | 2020-01-08 | Library Block B | 2020-01-08 | AVM | A063538 | B654 | Library Block B | AVM VAN 2017 B654 Or.2 | |||||
| 2020-01-08 | 2020-01-08 | Library Block B | 2020-01-08 | AVM | A063130 | B654 | Library Block B | AVM VAN 2017 B654 Or.3 | |||||
| 2020-01-08 | 2020-01-08 | Library Block B | 2020-01-08 | AVM | A063596 | B654 | Library Block B | AVM VAN 2017 B654 Or.4 | |||||
| 2020-01-08 | 2020-01-08 | Library Block B | 2020-01-08 | AVM | A063110 | B654 | Library Block B | AVM VAN 2017 B654 Or.5 | |||||
| 2020-01-08 | 2020-01-08 | Library Block B | 2020-01-08 | AVM | A063118 | B654 | Library Block B | AVM VAN 2017 B654 Or.6 |